| Tag |
First Indicator |
Second Indicator |
Subfields |
| LEADER |
00000pam a2200000 a 4500 |
| 001 |
in00000098181 |
| 005 |
20150924085651.0 |
| 008 |
810327s1981 ohua b 10000 eng |
| 010 |
|
|
|a 81003440
|
| 020 |
|
|
|a 0871701073
|
| 035 |
|
|
|a (OCoLC)07460423
|
| 035 |
|
|
|9 AAK9547AM
|
| 039 |
0 |
|
|a 2
|b 3
|c 3
|d 3
|e 3
|
| 040 |
|
|
|a DLC
|c DLC
|d TXA
|d UtOrBLW
|
| 049 |
|
|
|a TXAM
|c [933711]
|
| 050 |
0 |
0 |
|a TL154
|b E46
|
| 082 |
0 |
|
|a 629.2/32
|2 19
|
| 245 |
0 |
0 |
|a Efficient materials and coatings applications for improved design and corrosion resistance :
|b proceedings of the American Society for Metals, Highway and Off-highway Vehicles Activity sessions, Materials & Processing Congress, 13-15 November, 1979, Chicago, Illinois /
|c sponsored by the Highway and Off-highway Vehicles Activity of the ASM Materials Systems and Design Division ; organized and edited by Larry J. Vande Walle.
|
| 264 |
|
1 |
|a Metals Park, Ohio :
|b ASM,
|c [1981]
|
| 264 |
|
4 |
|c ©1981
|
| 300 |
|
|
|a viii, 197 pages :
|b illustrations ;
|c 24 cm.
|
| 336 |
|
|
|a text
|b txt
|2 rdacontent
|
| 337 |
|
|
|a unmediated
|b n
|2 rdamedia
|
| 338 |
|
|
|a volume
|b nc
|2 rdacarrier
|
| 490 |
1 |
|
|a Materials/metalworking technology series
|
| 504 |
|
|
|a Includes bibliographical references.
|
| 650 |
|
0 |
|a Motor vehicles
|x Materials
|x Congresses.
|
| 650 |
|
0 |
|a Motor vehicles
|x Corrosion
|x Congresses.
|
| 700 |
1 |
|
|a Vande Walle, Larry J.
|
| 710 |
2 |
|
|a American Society for Metals.
|b Highway and Off-highway Vehicles Activity.
|
| 711 |
2 |
|
|a Materials & Processing Congress
|d (1979 :
|c Chicago, Ill.)
|
| 830 |
|
0 |
|a Materials/metalworking technology series.
|
| 999 |
|
|
|a MARS
|
| 999 |
f |
f |
|s 6316cf7f-b1a5-35db-83c7-2af9d9cf7dd1
|i 15064c0f-a7d2-3638-a3a8-14d6411e9dbb
|t 0
|
| 952 |
f |
f |
|p ric
|a Texas A&M University
|b Rellis Campus
|c Joint Library Facility
|d Remote Storage
|t 0
|e TL154 E46
|h Library of Congress classification
|i unmediated -- volume
|m A14806024295
|
| 998 |
f |
f |
|a TL154 E46
|t 0
|l Remote Storage
|